| 000 | 00952na a2200301 4500 | ||
|---|---|---|---|
| 001 | 13026 | ||
| 003 | MIRAKIL | ||
| 005 | 20181213155311.0 | ||
| 008 | 160817b tu 000 0 | ||
| 020 | _a9786053993599 | ||
| 035 | _a13026 | ||
| 040 |
_aMilas _btur _cTR-AnCHP |
||
| 082 |
_a340.1 _bK64f 2015 |
||
| 090 | _a340.1 K64f 2015 | ||
| 100 | _aKoloş, Umut | ||
| 245 |
_aFoucault, iktidar ve hukuk _bModern hukukun soybilimi _cUmut Koloş |
||
| 246 | _aModern hukukun soybilimi | ||
| 260 |
_aİstanbul _bİstanbul Bilgi Üniversitesi Yayınları _c2015 |
||
| 300 |
_axviii, 379 s. _c23 sm |
||
| 490 |
_aİstanbul Bilgi Üniversitesi yayınları _v493 |
||
| 490 |
_aHukuk _v21 |
||
| 504 | _aKaynakça ve dizin var. | ||
| 600 |
_aFoucault, Michel _d1926-1984 |
||
| 600 |
_aFoucault, Michel _d1926-1984 _eİktidar _xSiyasal ve sosyal görüşler |
||
| 650 | _aİktidar (Sosyal bilimler) | ||
| 650 |
_aHukuk _xFelsefe |
||
| 942 |
_2ddc _cBKS |
||
| 999 |
_c10218 _d10218 |
||